Every The Doobie Brothers song that hit the Billboard hot 100 - Statistics

General Stats
  • This quiz has been taken 59 times
  • The average score is 10 of 27
Answer Stats
Peak Chart Position Year Song % Correct
1 1975 Black Water
97%
11 1972 Listen To The Music
87%
1 1979 What A Fool Believes
85%
15 1973 China Grove
82%
14 1979 Minute By Minute
74%
13 1976 Takin' It To The Streets
69%
35 1973 Jesus Is Just Alright
62%
8 1973 Long Train Runnin'
62%
11 1975 Take Me In Your Arms (Rock Me)
54%
37 1979 It Keeps You Runnin'
46%
5 1980 Real Love
41%
9 1989 The Doctor
41%
24 1981 One Step Closer
38%
48 1977 Little Darling (i Need You)
31%
32 1974 Another Park, Another Sunday
26%
25 1979 Dependin' On You
13%
52 1974 Eyes Of Silver
13%
58 1974 Nobody
10%
79 1983 You Belong To Me
10%
66 1977 Echoes Of Love
8%
65 1982 Here To Love You
8%
62 1981 Keep This Train A-Rollin'
5%
45 1989 Need A Little Taste Of Love
5%
40 1975 Sweet Maxine
5%
87 1976 Wheels Of Fortune
5%
60 1976 I Cheat The Hangman
3%
76 1981 Wynken, Blynken And Nod
3%
No matching quizzes found
Score Distribution
Percent of People with Each Score
Percentile by Number Answered
Your Score History
You have not taken this quiz